Soaps? .. When Did They Start? - Statistics

General Stats
  • This quiz has been taken 47 times
  • The average score is 13 of 17
Answer Stats
Hint Answer % Correct
Coronation Street 1960
91%
Emmerdale 1972
91%
General Hospital (UK Version) 1972
91%
Crown Court 1972
91%
Eastenders 1985
84%
Albion Market 1985
84%
Hollyoaks 1995
81%
Brookside 1982
78%
The Cedar Tree 1976
72%
Dallas 1978
72%
Dynasty 1981
72%
Family Affairs 1997
72%
Eldorado 1992
69%
Knots Landing 1979
66%
Crossroads 1964
63%
The Newcomers 1965
63%
Night And Day 2001
63%
No matching quizzes found
Score Distribution
Percent of People with Each Score
Percentile by Number Answered
Your Score History
You have not taken this quiz